[Event "Detroit (MOR/4/47)"]
[Site "?"]
[Date "1994.??.??"]
[Round "?"]
[White "Woolery, Bob"]
[Black "Aldrich, Justin"]
[Result "1-0"]
[WhiteElo "1605"]
[BlackElo "1605"]
[PlyCount "165"]
[EventDate "1994.??.??"]

{4/(47)} 1. g3 e5 2. Bg2 Nf6 3. d3 h6 4. Nf3 Nc6 5. c3 d6 6. Nbd2 Be6 7. Qc2
Qd7 8. O-O Be7 9. Re1 Bh3 10. Bh1 h5 11. e4 Qg4 12. Nc4 Nd7 13. Ne3 Qg6 14. Ng2
Bxg2 15. Bxg2 h4 16. Be3 h3 17. Bh1 Rh5 18. Rac1 Nf6 19. Nd2 Nh7 20. Nf3 O-O-O
21. Qe2 f5 22. exf5 Rxf5 23. Nd2 Rdf8 24. Be4 Bg5 25. Qg4 Bxe3 26. Bxf5+ Qxf5
27. Qxf5+ Rxf5 28. fxe3 Nf6 29. Rf1 Rg5 30. Ne4 Nxe4 31. dxe4 Rg4 32. Rf8+ Kd7
33. Rcf1 b6 34. R1f7+ Ne7 35. Rh8 Ke6 36. Rf3 Kd7 37. Rxh3 Ng6 38. Rh7 Ne7 39.
Rf7 Ke8 40. Rfxg7 Rxg7 41. Rxg7 Kf8 42. Rxe7 Kxe7 43. Kf2 Kf6 44. h4 Kg6 45. g4
Kf6 46. Kg3 Kg6 47. c4 Kh6 48. g5+ Kh5 49. b3 c6 50. g6 Kxg6 51. Kg4 a6 52. h5+
Kf6 53. h6 Kg6 54. h7 Kxh7 55. Kf5 Kg7 56. Ke6 Kg6 57. Kxd6 c5 58. Kxe5 Kf7 59.
Kd6 Ke8 60. Kc6 Ke7 61. Kxb6 Kd6 62. e5+ Kxe5 63. Kxc5 Ke6 64. Kb6 Kd6 65. Kxa6
Kc5 66. e4 Kc6 67. b4 Kd6 68. Kb6 Kd7 69. Kb7 Kd6 70. a4 Kd7 71. a5 Kd6 72. a6
Ke5 73. a7 Kxe4 74. a8=Q Kd4 75. c5 Kc4 76. c6 Kxb4 77. c7 Kc4 78. Qd8 Kb3 79.
c8=R Kb4 80. Qd5 Ka3 81. Rc4 Kb2 82. Qb5+ Ka3 83. Ra4# 1-0

[Event "Detroit (MCO/DEU/7/14)"]
[Site "?"]
[Date "1994.??.??"]
[Round "?"]
[White "Woods, O."]
[Black "Zulauf, M."]
[Result "1-0"]
[WhiteElo "1605"]
[BlackElo "1605"]
[PlyCount "95"]
[EventDate "1994.??.??"]

{7/(14)} 1. e4 d6 2. d4 g6 3. Nc3 Nf6 4. Bg5 Bg7 5. e5 Nbd7 6. exf6 Bxf6 7.
Bxf6 Nxf6 8. Nf3 O-O 9. Bc4 e6 10. O-O d5 11. Bd3 Qd6 12. h3 Re8 13. Qd2 Bd7
14. Qh6 Nh5 15. Ng5 Nf6 16. Rae1 Re7 17. Re3 e5 18. dxe5 Rxe5 19. Rfe1 Rae8 20.
Nb5 Bxb5 21. Bxb5 R8e7 22. Bd3 d4 23. Rxe5 Rxe5 24. Re4 Rxe4 25. Bxe4 c6 26.
Bd3 Qe5 27. b3 Qe1+ 28. Kh2 b5 29. a4 Qd2 30. axb5 cxb5 31. Bxb5 Qxc2 32. Bc4
Qxc4 33. bxc4 d3 34. Nf3 Ne4 35. Nd2 a5 36. Nxe4 f5 37. Nf6+ Kf7 38. Nd5 d2 39.
Qxd2 a4 40. Qb4 h5 41. Qxa4 h4 42. c5 Ke6 43. Qc4 Kd7 44. c6+ Kc8 45. c7 f4 46.
Ne7+ Kd7 47. c8=Q+ Kxe7 48. Q4e6# 1-0

[Event "Detroit (WCO/3/15)"]
[Site "?"]
[Date "1994.??.??"]
[Round "?"]
[White "Woods, O."]
[Black "Vaughn, Gerald"]
[Result "1-0"]
[WhiteElo "1605"]
[BlackElo "1605"]
[PlyCount "74"]
[EventDate "1994.??.??"]

{3/(15)} 1. d4 d5 2. c4 e6 3. e3 Nf6 4. Nc3 Bb4 5. Bd2 c5 6. dxc5 Bxc5 7. cxd5
Nxd5 8. Nf3 O-O 9. Bd3 Nc6 10. O-O Bd7 11. Qc2 f5 12. Nxd5 exd5 13. Qxc5 Be6
14. Bb5 Ne7 15. Qd4 a6 16. Be2 Nc6 17. Qc3 Rc8 18. Qb3 Qe7 19. a3 d4 20. Bc4
Bxc4 21. Qxc4+ Kh8 22. Nxd4 Ne5 23. Qb3 Qh4 24. h3 b5 25. Rac1 Rxc1 26. Rxc1
Nc4 27. Qc3 Qg5 28. b3 Nd6 29. Ne6 Qf6 30. Nxf8 Qxc3 31. Bxc3 Kg8 32. Ne6 Kf7
33. Nxg7 Ne4 34. Nxf5 Nc5 35. Nd6+ Ke6 36. b4 Kxd6 37. bxc5+ Kxc5 1-0

[Event "Detroit (MCO/DEU/3b/7)"]
[Site "?"]
[Date "1994.??.??"]
[Round "?"]
[White "Woods, O."]
[Black "Stubbs, B."]
[Result "1-0"]
[WhiteElo "1605"]
[BlackElo "1605"]
[PlyCount "84"]
[EventDate "1994.??.??"]

1. d4 Nf6 2. c4 d5 3. e3 Bf5 4. cxd5 Nxd5 5. Qe2 Bxb1 6. Rxb1 e6 7. Qb5+ Nc6 8.
Qxb7 Nde7 9. Bb5 Kd7 10. Bxc6+ Nxc6 11. Qb5 Rb8 12. Qc4 Bb4+ 13. Bd2 Bxd2+ 14.
Kxd2 Rb4 15. Qc3 Ke8 16. Nf3 Qd5 17. Rbc1 Rb6 18. b3 a5 19. Qc5 Qxc5 20. Rxc5
Kd7 21. Ne5+ Nxe5 22. Rxe5 a4 23. Rb1 Rhb8 24. Kc3 f6 25. Ra5 Rc6+ 26. Rc5 Rcb6
27. Rc4 Ra8 28. Rb2 axb3 29. axb3 Ra1 30. Kd2 Ra3 31. Kc2 Rba6 32. Kb1 Rc6 33.
Rxc6 Kxc6 34. Kc2 Kb5 35. Kc3 Ra1 36. Kc2 Kb4 37. h3 Ra3 38. f3 Ra1 39. g4 g5
40. e4 c6 41. Kd2 Rf1 42. Rc2 Rf2+ 1-0

[Event "Eastpointe (US Am N/1b/18)"]
[Site "?"]
[Date "1994.??.??"]
[Round "?"]
[White "Woods, O."]
[Black "Schey, Danny"]
[Result "0-1"]
[WhiteElo "1605"]
[BlackElo "1685"]
[PlyCount "52"]
[EventDate "1994.??.??"]

1. d4 Nf6 2. c4 g6 3. Nc3 Bg7 4. e4 d6 5. Nf3 O-O 6. Be3 e5 7. Bg5 h6 8. Be3
Ng4 9. Bd2 exd4 10. Nb5 c5 11. b4 Nc6 12. bxc5 dxc5 13. Qc1 Re8 14. Bd3 Nce5
15. Nxe5 Nxe5 16. Bb1 a6 17. Na3 Qh4 18. g3 Nf3+ 19. Ke2 Qg4 20. h3 d3+ 21.
Bxd3 Nd4+ 22. Kf1 Qf3 23. Rh2 Qxd3+ 24. Kg2 Qxe4+ 25. Kf1 Qf3 26. Rg2 Qe2+ 0-1

[Event "Detroit (CAO/5/7)"]
[Site "?"]
[Date "1994.??.??"]
[Round "?"]
[White "Woods, O."]
[Black "Schey, Danny"]
[Result "0-1"]
[WhiteElo "1605"]
[BlackElo "1605"]
[PlyCount "60"]
[EventDate "1994.??.??"]

{5/(7)} 1. d4 Nf6 2. c4 g6 3. Nc3 Bg7 4. e4 d6 5. Nf3 O-O 6. Bg5 h6 7. Bf4 Nbd7
8. Qc1 Kh7 9. h3 Re8 10. g4 e5 11. dxe5 dxe5 12. Be3 b6 13. g5 Ng8 14. gxh6
Nxh6 15. Ng5+ Kg8 16. Nf3 Kh7 17. h4 Rh8 18. h5 Ng4 19. Ng5+ Kg8 20. Be2 Nxe3
21. Qxe3 Nf6 22. c5 Ng4 23. Qf3 Qxg5 24. Rg1 Rxh5 25. Qd3 Nxf2 26. Kxf2 Rh2+
27. Ke1 Qxg1+ 28. Bf1 Qf2+ 29. Kd1 Bg4+ 30. Kc1 Qxb2# 0-1

[Event "Detroit (Beg/3/3)"]
[Site "?"]
[Date "1994.??.??"]
[Round "?"]
[White "Woods, O."]
[Black "Rahimzadeh, G."]
[Result "1-0"]
[WhiteElo "1605"]
[BlackElo "1605"]
[PlyCount "39"]
[EventDate "1994.??.??"]

{3/(3)} 1. e4 e5 2. Nf3 Nc6 3. Nc3 Bc5 4. Nxe5 Nxe5 5. d4 Bb4 6. dxe5 Ne7 7.
Bd2 Nc6 8. a3 Bc5 9. Qh5 Qe7 10. Bc4 O-O 11. Bf4 d6 12. exd6 cxd6 13. Qg5 d5
14. Qxe7 Bxe7 15. exd5 Nd4 16. Bd3 Bd7 17. O-O Bc5 18. Rfe1 a6 19. Be5 Bg4 20.
Bxd4 1-0

[Event "Detroit (MCO/DEU/6/14)"]
[Site "?"]
[Date "1994.??.??"]
[Round "?"]
[White "Woods, O."]
[Black "Miller, J."]
[Result "0-1"]
[WhiteElo "1605"]
[BlackElo "1605"]
[PlyCount "32"]
[EventDate "1994.??.??"]

{6/(14)} 1. d4 d5 2. c4 e6 3. cxd5 exd5 4. e3 Bd6 5. Bd2 Nf6 6. Nc3 c6 7. f3
Bf5 8. g4 Nxg4 9. fxg4 Qh4+ 10. Ke2 Bxg4+ 11. Kd3 Bxd1 12. Rxd1 O-O 13. Be1 Qe7
14. Nf3 Re8 15. Bf2 Bb4 16. Ne2 Qe4# 0-1

[Event "Eastpointe (MI Action/1/8)"]
[Site "?"]
[Date "1994.??.??"]
[Round "?"]
[White "Woods, O."]
[Black "Mailing, Ian"]
[Result "0-1"]
[WhiteElo "1605"]
[BlackElo "2075"]
[PlyCount "52"]
[EventDate "1994.??.??"]

{1/(8)} 1. d4 Nf6 2. c4 c5 3. dxc5 e6 4. Be3 Ng4 5. Qd4 h5 6. Nd2 Nc6 7. Qc3
Be7 8. h3 Bf6 9. Qd3 Nb4 10. Qb3 Nxe3 11. fxe3 Bh4+ 12. Kd1 Na6 13. Qc3 Bf6 14.
Qa3 Qc7 15. Ne4 Be7 16. b4 Qe5 17. Qc3 Qxe4 18. Qxg7 Rf8 19. Qd4 Qg6 20. Rb1
Qxb1+ 21. Kd2 Nxb4 22. Qc3 Nxa2 23. Qa3 f5 24. Nf3 Bxc5 25. Qxc5 Qc1+ 26. Kd3
Qc3# 0-1

[Event "Detroit (Beg/5/2)"]
[Site "?"]
[Date "1994.??.??"]
[Round "?"]
[White "Woods, O."]
[Black "Mack, Do"]
[Result "1-0"]
[WhiteElo "1605"]
[BlackElo "1605"]
[PlyCount "40"]
[EventDate "1994.??.??"]

{5/(2)} 1. e4 e5 2. Nf3 Nc6 3. Nc3 Bb4 4. Bb5 Bxc3 5. dxc3 d6 6. Qd5 Bd7 7. Bc4
Qe7 8. Ng5 Nh6 9. O-O O-O 10. Qd3 Nd8 11. Qg3 g6 12. Qh4 Qf6 13. Qxh6 Qg7 14.
Qxg7+ Kxg7 15. Bd5 Rb8 16. Be3 b6 17. Nf3 Bb5 18. Rfd1 Kg8 19. b3 c6 20. Bc4
Bxc4 {[Remainder illegible; 1-0, 58?]} 1-0

[Event "Detroit (CAO/6/9)"]
[Site "?"]
[Date "1994.??.??"]
[Round "?"]
[White "Woods, O."]
[Black "Khraizat, Ali"]
[Result "0-1"]
[WhiteElo "1605"]
[BlackElo "1605"]
[PlyCount "87"]
[EventDate "1994.??.??"]

{6/(9)} 1. d4 g6 2. c4 Bg7 3. Nf3 e6 4. e4 Ne7 5. Be3 O-O 6. Qc1 d5 7. cxd5
exd5 8. exd5 Nxd5 9. Bh6 Re8+ 10. Be2 Qe7 11. Ne5 f6 12. Bxg7 Kxg7 13. Bc4 c6
14. O-O fxe5 15. Re1 Qf7 16. Nc3 Rh8 17. f3 exd4 18. Nxd5 cxd5 19. Bb3 Be6 20.
Qd2 Nc6 21. Qg5 Qf6 22. Qd2 Rhe8 23. h3 d3 24. Rab1 Bf7 25. Rxe8 Rxe8 26. Qxd3
Qd4+ 27. Qxd4+ Nxd4 28. Rd1 Nxb3 29. axb3 Re2 30. Rb1 d4 31. b4 d3 32. Kf1 Bc4
33. Rc1 b5 34. b3 Bxb3 35. Rc7+ Kh6 36. Rxa7 d2 37. Rd7 d1=Q+ 38. Rxd1 Bxd1 39.
g4 Rb2 40. f4 Rxb4 41. f5 gxf5 42. gxf5 Rf4+ 43. Ke1 Ba4 44. Kd2 0-1

[Event "Eastpointe (MI Action/3/15)"]
[Site "?"]
[Date "1994.??.??"]
[Round "?"]
[White "Woods, O."]
[Black "Jointer, William"]
[Result "1/2-1/2"]
[WhiteElo "1605"]
[BlackElo "1720"]
[PlyCount "50"]
[EventDate "1994.??.??"]

{3/(15)} 1. d4 Nf6 2. c4 g6 3. Nc3 Bg7 4. e4 d6 5. Nf3 O-O 6. Be2 c6 7. O-O a6
8. Bg5 b5 9. Qc1 Re8 10. Bxf6 Bxf6 11. Qh6 Bg7 12. Qh4 Nd7 13. d5 cxd5 14. cxd5
Nf6 15. Rac1 Bb7 16. Rfe1 Qd7 17. Nd4 Rac8 18. Ndxb5 axb5 19. Bxb5 Qg4 20. Qxg4
Nxg4 21. Bxe8 Rxe8 22. b3 Bd4 23. Re2 Ba6 24. Rec2 Bd3 {[Remainder illegible;
1/2-1/2, 48?]} 25. Ne2 Nxf2 1/2-1/2

[Event "Romulus (RVO/1/19)"]
[Site "?"]
[Date "1994.??.??"]
[Round "?"]
[White "Woods, O."]
[Black "Jendras, Gerard"]
[Result "0-1"]
[WhiteElo "1605"]
[BlackElo "1845"]
[PlyCount "94"]
[EventDate "1994.??.??"]

{1/(19)} 1. e4 e5 2. Nf3 Nc6 3. Nc3 Nf6 4. Bb5 Nd4 5. Nxe5 Qe7 6. f4 Nxb5 7.
Nxb5 d6 8. Nf3 c6 9. Nc3 Nxe4 10. Nxe4 Qxe4+ 11. Qe2 Bf5 12. Qxe4+ Bxe4 13. d3
Bxf3 14. gxf3 g6 15. Be3 Bg7 16. O-O-O Kd7 17. Rhe1 Rhe8 18. Bd2 Rxe1 19. Rxe1
Re8 20. Rxe8 Kxe8 21. Be3 b6 22. c3 Ke7 23. Kd2 Ke6 24. d4 Kf5 25. Kd3 Bh6 26.
c4 Bxf4 27. Bxf4 Kxf4 28. Ke2 g5 29. b4 c5 30. dxc5 dxc5 31. a3 f5 32. bxc5
bxc5 33. h3 Kg3 34. Ke3 Kxh3 35. f4 g4 36. Kf2 g3+ 37. Kg1 Kg4 38. Kg2 h5 39.
Kg1 h4 40. a4 h3 41. a5 Kxf4 42. a6 Kf3 43. Kh1 f4 44. Kg1 Ke2 45. Kh1 f3 46.
Kg1 f2+ 47. Kh1 f1=Q# 0-1

[Event "Romulus (RVO/5/26)"]
[Site "?"]
[Date "1994.??.??"]
[Round "?"]
[White "Woods, O."]
[Black "Herzog, M."]
[Result "0-1"]
[WhiteElo "1605"]
[BlackElo "1605"]
[PlyCount "121"]
[EventDate "1994.??.??"]

{5/(26)} 1. e4 e6 2. d4 d5 3. Nc3 Bb4 4. exd5 exd5 5. Bd2 Ne7 6. a3 Bd6 7. Nf3
O-O 8. Be2 Nbc6 9. O-O Nf5 10. Be3 Re8 11. Qd2 Nce7 12. Bf4 Bxf4 13. Qxf4 Ng6
14. Qd2 c6 15. Bd3 Qf6 16. Bxf5 Bxf5 17. Rfe1 Bg4 18. Qg5 Qxg5 19. Nxg5 h6 20.
h3 Bf5 21. Nf3 Bxc2 22. Rac1 Bd3 23. Rcd1 Nf4 24. Kh2 Bh7 25. g3 Nd3 26. Rxe8+
Rxe8 27. Rd2 Ne1 28. Nxe1 Rxe1 29. h4 Be4 30. Nxe4 Rxe4 31. f3 Re6 32. Kg2 f6
33. Kf2 Kf7 34. Re2 Rxe2+ 35. Kxe2 Ke6 36. Kd3 a5 37. Kc3 Kf5 38. a4 g5 39.
hxg5 hxg5 40. b4 g4 41. bxa5 gxf3 42. Kd2 Ke4 43. Ke1 Kxd4 44. Kf2 Kc3 45. Kxf3
d4 46. Ke2 Kc2 47. Kf3 d3 48. Kf4 d2 49. Kf5 d1=Q 50. Kxf6 Qf3+ 51. Ke6 Qd5+
52. Ke7 Kd3 53. g4 Ke4 54. g5 Kf5 55. g6 Kxg6 56. Ke8 Kf6 57. a6 bxa6 58. a5
Ke6 59. Kf8 Qd7 60. Kg8 Kf6 61. Kh8 0-1

[Event "Detroit (CAO/1/6)"]
[Site "?"]
[Date "1994.??.??"]
[Round "?"]
[White "Woods, O."]
[Black "Grams, Paul"]
[Result "0-1"]
[WhiteElo "1605"]
[BlackElo "1800"]
[PlyCount "85"]
[EventDate "1994.??.??"]

{1/(6)} 1. d4 Nf6 2. c4 d5 3. cxd5 Nxd5 4. e4 Nb6 5. Nc3 e6 6. Nf3 N8d7 7. Be2
c5 8. d5 exd5 9. exd5 Nf6 10. O-O Nbxd5 11. Nxd5 Qxd5 12. Qxd5 Nxd5 13. Bb5+
Bd7 14. Re1+ Be7 15. Bxd7+ Kxd7 16. Rd1 Rhe8 17. Rxd5+ Kc6 18. Rd1 Bf6 19. Bg5
Bxb2 20. Rab1 Ba3 21. Rb3 Bb4 22. Rc1 Ba5 23. Nd4+ Kd5 24. Nf3 b6 25. Rd3+ Kc6
26. Bf4 f6 27. Rd6+ Kb5 28. Rb1+ Ka6 29. Rd3 c4 30. Ra3 c3 31. Rc1 Rac8 32. h3
b5 33. Bd6 Kb6 34. Rb3 Re2 35. a4 a6 36. axb5 axb5 37. Bb4 Bxb4 38. Rxb4 Ka5
39. Rb3 b4 40. Ra1+ Kb5 41. Nd4+ Kc4 42. Rxb4+ Kxb4 43. Nxe2 0-1

[Event "Fowlerville (Jun)"]
[Site "?"]
[Date "1994.??.??"]
[Round "?"]
[White "Woods, I."]
[Black "Charette, B."]
[Result "1-0"]
[WhiteElo "1605"]
[BlackElo "1605"]
[PlyCount "107"]
[EventDate "1994.??.??"]

1. c4 e5 2. Nc3 Nf6 3. Nf3 Nc6 4. d4 Bb4 5. dxe5 Ng4 6. Bg5 Be7 7. Bf4 g5 8.
Bg3 h5 9. h3 Nh6 10. Qd2 h4 11. Bh2 f5 12. exf6 Bxf6 13. Qe3+ Qe7 14. Qxe7+
Nxe7 15. Bxc7 Bxc3+ 16. bxc3 d5 17. cxd5 Nxd5 18. Be5 g4 19. Bxh8 gxf3 20. gxf3
Be6 21. Bg7 Nf7 22. O-O-O Rc8 23. Rd3 b5 24. Kb2 b4 25. e4 bxc3+ 26. Bxc3 Rb8+
27. Kc2 Nb4+ 28. Bxb4 Rxb4 29. a3 Rb5 30. Rd8+ Kxd8 31. Bxb5 Ng5 32. f4 Nxe4
33. Re1 Bf5 34. f3 Nd6+ 35. Bd3 Bxh3 36. Rh1 Bg2 37. Rxh4 Bxf3 38. f5 Ke7 39.
Rh7+ Nf7 40. Bc4 Be4+ 41. Kd2 Bxf5 42. Rxf7+ Kd6 43. Rxf5 Kc6 44. Rb5 a6 45.
Rb4 a5 46. Rb5 a4 47. Rb4 Kc5 48. Rxa4 Kb6 49. Rb4+ Ka5 50. Bb3 Ka6 51. Kc3 Ka5
52. Kc4 Ka6 53. Kc5 Ka5 54. Ra4# 1-0

[Event "Fowlerville (Jun)"]
[Site "?"]
[Date "1994.??.??"]
[Round "?"]
[White "Woods, I."]
[Black "Burris, D."]
[Result "0-1"]
[WhiteElo "1605"]
[BlackElo "1755"]
[PlyCount "80"]
[EventDate "1994.??.??"]

1. c4 Nf6 2. Nf3 e6 3. Nc3 d5 4. e3 c5 5. d4 Be7 6. Qc2 cxd4 7. exd4 Nc6 8. Be3
Bd7 9. O-O-O O-O 10. Bd3 Nb4 11. Qb3 Nxd3+ 12. Rxd3 dxc4 13. Qxc4 Rc8 14. Qb3
b6 15. d5 exd5 16. Kb1 Be6 17. Bg5 Bf5 18. Rhd1 Bxd3+ 19. Rxd3 Ne4 20. Nxe4
Bxg5 21. Nexg5 Rc5 22. h4 Re8 23. Re3 h6 24. Nh3 Qd7 25. Qd3 Rec8 26. Re1 Qc7
27. Qd2 Rc2 28. Qe3 Qc4 29. Nd4 g6 30. Nxc2 Qxc2+ 31. Ka1 d4 32. Qf4 d3 33. a3
d2 34. Rf1 d1=Q+ 35. Rxd1 Qxd1+ 36. Ka2 Qd5+ 37. Kb1 Qd3+ 38. Ka2 Qd5+ 39. Kb1
Qd3+ 40. Ka2 Rc1 0-1

[Event "Eastpointe (MI Action/3/23)"]
[Site "?"]
[Date "1994.??.??"]
[Round "?"]
[White "Wood, C."]
[Black "Townsend, D."]
[Result "0-1"]
[WhiteElo "1605"]
[BlackElo "1605"]
[PlyCount "54"]
[EventDate "1994.??.??"]

{3/(23)} 1. e4 e5 2. Nf3 d6 3. Nc3 Nc6 4. Bc4 Nf6 5. Ng5 Be6 6. Bxe6 fxe6 7.
Nxe6 Qe7 8. Nxf8 Rxf8 9. d3 Nd4 10. Nd5 Nxd5 11. exd5 e4 12. O-O Qf6 13. dxe4
O-O-O 14. Be3 Nb5 15. c4 Rf7 16. cxb5 b6 17. Qe2 Rg8 18. Qg4+ Kb7 19. Rac1 g5
20. Qh5 g4 21. Qh6 Rg6 22. Qf4 g3 23. hxg3 Qg7 24. Rxc7+ Rxc7 25. Qf3 Qxb2 26.
Qf7 Rxf7 27. Bf4 Rc7 0-1

[Event "Eastpointe (MI Action/5/26)"]
[Site "?"]
[Date "1994.??.??"]
[Round "?"]
[White "Wood, C."]
[Black "Russeau, M."]
[Result "1-0"]
[WhiteElo "1605"]
[BlackElo "1605"]
[PlyCount "38"]
[EventDate "1994.??.??"]

{5/(26)} 1. e4 e5 2. Nf3 Nc6 3. Nc3 Nf6 4. Bc4 Bc5 5. Ng5 O-O 6. Nxf7 Rxf7 7.
Bxf7+ Kxf7 8. O-O a5 9. d3 Ra6 10. Bg5 Nd4 11. Bxf6 gxf6 12. Qh5+ Kg7 13. Rae1
f5 14. exf5 Nxc2 15. Rxe5 Kf6 16. Re4 d6 17. Nd5+ Kg7 18. Re7+ Qxe7 19. Nxe7
Kf8 1-0

[Event "Eastpointe (MI Action/1/20)"]
[Site "?"]
[Date "1994.??.??"]
[Round "?"]
[White "Wood, C."]
[Black "Jointer, William"]
[Result "0-1"]
[WhiteElo "1605"]
[BlackElo "1720"]
[PlyCount "56"]
[EventDate "1994.??.??"]

{1/(20)} 1. e4 c5 2. Nf3 Nc6 3. Nc3 g6 4. Bc4 Bg7 5. O-O Nf6 6. d3 O-O 7. Bg5
a6 8. Bxf6 Bxf6 9. Ng5 Bxg5 10. Qg4 Bf6 11. Rae1 d5 12. exd5 Bxg4 13. dxc6 bxc6
14. Ne4 Bxb2 15. Nxc5 Bc3 16. Re4 Bf5 17. Rf4 Qd6 18. Rf3 Qxc5 19. Re3 e5 20.
Rg3 Rfe8 21. Rg5 Be6 22. Re1 Bxe1 23. h4 Qxf2+ 24. Kh2 Qxh4+ 25. Kg1 Qxg5 26.
Kf1 Qg3 27. Ke2 Bg4+ 28. Kf1 Qf2# 0-1

[Event "Warren (Warmup"]
[Site "?"]
[Date "1994.??.??"]
[Round "?"]
[White "Witz, B."]
[Black "Ross, A."]
[Result "0-1"]
[WhiteElo "1605"]
[BlackElo "1605"]
[PlyCount "44"]
[EventDate "1994.??.??"]

1. e4 c5 2. Nf3 d6 3. Nc3 Nf6 4. d4 cxd4 5. Nxd4 a6 6. f4 e5 7. fxe5 dxe5 8.
Nf3 Qxd1+ 9. Nxd1 Nc6 10. Bc4 b5 11. Bd5 Nxd5 12. exd5 Nd4 13. Nxd4 exd4 14.
O-O Bc5 15. Re1+ Kd7 16. Kh1 Bb7 17. Re5 Rhe8 18. Bf4 Bxd5 19. Rxd5+ Kc6 20.
Re5 Rxe5 21. Bxe5 Re8 22. Bxg7 Re1# 0-1

[Event "Detroit (MCO/DEU/5/19)"]
[Site "?"]
[Date "1994.??.??"]
[Round "?"]
[White "Witz, B."]
[Black "Nolan, Dan"]
[Result "1-0"]
[WhiteElo "1605"]
[BlackElo "1605"]
[PlyCount "31"]
[EventDate "1994.??.??"]

{5/(19)} 1. e4 c5 2. Nf3 d6 3. d4 Nf6 4. Nc3 Nc6 5. d5 Na5 6. Bb5+ Bd7 7. Bf4
g6 8. e5 e6 9. exd6 exd5 10. Qe2+ Be7 11. dxe7 Qc8 12. Qe5 Ne4 13. Qxh8+ Kxe7
14. Qxc8 Bxc8 15. Nxd5+ Kf8 16. O-O 1-0

[Event "Detroit (MCO/DEU/1b/5)"]
[Site "?"]
[Date "1994.??.??"]
[Round "?"]
[White "Witz, B."]
[Black "Marson, Michael"]
[Result "0-1"]
[WhiteElo "1605"]
[BlackElo "1605"]
[PlyCount "52"]
[EventDate "1994.??.??"]

1. e4 e6 2. d4 d5 3. e5 c5 4. Nf3 cxd4 5. Nxd4 Bc5 6. c3 Qh4 7. g3 Qe4+ 8. Be3
Bxd4 9. Nd2 Bxc3 10. bxc3 Qxh1 11. Nf3 Bd7 12. Qe2 a6 13. Nd4 Nc6 14. O-O-O
Nxd4 15. Bxd4 Qxh2 16. Qf3 Ne7 17. Bc5 Rc8 18. Bxe7 Kxe7 19. Rd4 Qg1 20. Rf4
Rxc3+ 21. Qxc3 Rc8 22. Kd2 Rxc3 23. Kxc3 Qxf1 24. Rg4 Qc1+ 25. Kd4 b6 26. Rxg7
Qd2# 0-1

[Event "Warren (Warmup"]
[Site "?"]
[Date "1994.??.??"]
[Round "?"]
[White "Witz, B."]
[Black "Juergensen, F."]
[Result "1/2-1/2"]
[WhiteElo "1605"]
[BlackElo "1605"]
[PlyCount "66"]
[EventDate "1994.??.??"]

1. e4 e5 2. d4 exd4 3. Bc4 b6 4. Qf3 Nf6 5. e5 Qe7 6. Qxa8 Qxe5+ 7. Ne2 c5 8.
Bf4 Qe4 9. Qxb8 Qc6 10. Bb5 Qb7 11. Qe5+ Be7 12. c3 Qxg2 13. Ng3 Ne4 14. Bg5
Qxf2+ 15. Kd1 Qf3+ 16. Ne2 Nf2+ 17. Kc2 d3+ 18. Bxd3 Qxd3+ 19. Kc1 O-O 20. Bxe7
Nxh1 21. Bxf8 Kxf8 22. Qb8 Qe3+ 23. Nd2 Nf2 24. Qxc8+ Ke7 25. Qa6 Nd3+ 26. Kd1
Nxb2+ 27. Kc2 c4 28. Rb1 Qd3+ 29. Kxb2 Qxd2+ 30. Ka3 Qd6+ 31. Kb2 Qd2+ 32. Ka3
Qd6+ 33. Kb2 Qd2+ 1/2-1/2

[Event "Detroit (MCO/DEU/7/16)"]
[Site "?"]
[Date "1994.??.??"]
[Round "?"]
[White "Witz, B."]
[Black "Haragely, C."]
[Result "1/2-1/2"]
[WhiteElo "1605"]
[BlackElo "1605"]
[PlyCount "69"]
[EventDate "1994.??.??"]

{7/(16)} 1. c4 c5 2. e4 d6 3. Nf3 Nf6 4. Nc3 g6 5. e5 dxe5 6. Nxe5 Bg7 7. Qa4+
Nc6 8. Nxc6 bxc6 9. Qxc6+ Bd7 10. Qxc5 O-O 11. d4 Be6 12. d5 Bf5 13. Be2 Re8
14. O-O Nd7 15. Qa3 a5 16. Bf3 Rb8 17. Bf4 Rc8 18. Rae1 Rxc4 19. Bd2 Bd3 20.
Be2 Bxe2 21. Rxe2 Qb8 22. b3 Rxc3 23. Bxc3 Bxc3 24. Rxe7 Rxe7 25. Qxe7 Ne5 26.
d6 Ng4 27. g3 Bb4 28. Rd1 Qb6 29. Rf1 Bxd6 30. Qe8+ Kg7 31. Qd7 Ne5 32. Qe8 Qc5
33. Kg2 Ng4 34. Qe2 Nf6 35. Qe3 1/2-1/2

[Event "Detroit (MCO/DEU/3b/10)"]
[Site "?"]
[Date "1994.??.??"]
[Round "?"]
[White "Witz, B."]
[Black "Elkins, J."]
[Result "0-1"]
[WhiteElo "1605"]
[BlackElo "1605"]
[PlyCount "40"]
[EventDate "1994.??.??"]

1. e4 Nc6 2. Nc3 e5 3. Bc4 Bb4 4. Qf3 Nh6 5. d3 Nd4 6. Qd1 d6 7. Nf3 Bg4 8.
Bxh6 gxh6 9. h3 Bxf3 10. gxf3 Qf6 11. f4 Qxf4 12. a3 Bxc3+ 13. bxc3 Nf3+ 14.
Kf1 Rg8 15. d4 Nd2+ 16. Ke1 Nxc4 17. dxe5 Rg2 18. Rf1 Rd8 19. Qe2 dxe5 20. Qxc4
Qd2# 0-1

[Event "Eastpointe (EDO/1a/11)"]
[Site "?"]
[Date "1994.??.??"]
[Round "?"]
[White "Wisckol, Richard"]
[Black "Wozniak, J."]
[Result "1-0"]
[WhiteElo "1865"]
[BlackElo "1605"]
[PlyCount "97"]
[EventDate "1994.??.??"]

1. c4 e5 2. Nc3 Nf6 3. g3 d5 4. cxd5 Nxd5 5. Bg2 Be6 6. e3 c6 7. Nge2 Be7 8.
O-O O-O 9. b3 Nd7 10. Bb2 N7f6 11. a3 Rc8 12. Nxd5 Bxd5 13. Bh3 Bf3 14. Bxe5
Qd3 15. Nf4 Qe4 16. d3 Qxe5 17. Qxf3 Rcd8 18. d4 Qe4 19. Qe2 Bd6 20. Bg2 Qe7
21. Qb2 Rfe8 22. b4 Ne4 23. Qc2 Nf6 24. Rfe1 Kh8 25. Rad1 Bxf4 26. gxf4 Nd5 27.
Bxd5 Rxd5 28. f3 Qf6 29. Rd2 Rf5 30. Kf1 Rh5 31. Rg2 Qd6 32. Qc4 Kg8 33. Kf2
Qe7 34. Qb3 Qh4+ 35. Kf1 Qh3 36. Qd1 Re6 37. Qe2 Rh4 38. Qf2 Rg6 39. Re2 Rxg2
40. Qxg2 Qf5 41. Qg3 Qb1+ 42. Kf2 Rh6 43. f5 f6 44. Qb8+ Kf7 45. Qxb7+ Ke8 46.
Qxc6+ Ke7 47. Qe4+ Qxe4 48. fxe4 Rxh2+ 49. Kf3 1-0

[Event "Eastpointe (EDO/3/13)"]
[Site "?"]
[Date "1994.??.??"]
[Round "?"]
[White "Wisckol, Richard"]
[Black "Walters, G."]
[Result "1-0"]
[WhiteElo "1865"]
[BlackElo "1675"]
[PlyCount "57"]
[EventDate "1994.??.??"]

{3/(13)} 1. c4 c5 2. Nc3 Nf6 3. Nf3 Nc6 4. d4 cxd4 5. Nxd4 e5 6. Nf3 Bb4 7. Bd2
e4 8. Ng5 Bxc3 9. Bxc3 Qe7 10. e3 h6 11. Nh3 d6 12. Nf4 Bf5 13. Be2 Ne5 14. O-O
g5 15. Nd5 Nxd5 16. Qxd5 h5 17. Bxe5 dxe5 18. Qb5+ Bd7 19. Qxb7 Rd8 20. Rfd1 f5
21. Rd5 f4 22. Qc7 Rc8 23. Qxe5 Kf7 24. Qxe7+ Kxe7 25. b3 Bc6 26. Rd4 Rhf8 27.
Bxh5 fxe3 28. fxe3 Rf6 29. Rf1 1-0

[Event "Eastpointe (US Am N/3/5)"]
[Site "?"]
[Date "1994.??.??"]
[Round "?"]
[White "Wisckol, Richard"]
[Black "Vandivier, Don"]
[Result "1/2-1/2"]
[WhiteElo "1875"]
[BlackElo "2055"]
[PlyCount "26"]
[EventDate "1994.??.??"]

{3/(5)} 1. c4 c5 2. Nc3 g6 3. Nf3 Bg7 4. e3 Nc6 5. d4 cxd4 6. exd4 d6 7. d5 Nb8
8. Bd2 Nf6 9. Be2 O-O 10. O-O Nbd7 11. Rc1 Nc5 12. b3 Nfe4 13. Nxe4 Nxe4
1/2-1/2

[Event "Detroit (MI Op/6/26)"]
[Site "?"]
[Date "1994.??.??"]
[Round "?"]
[White "Wisckol, Richard"]
[Black "Smith, Mike A"]
[Result "1/2-1/2"]
[WhiteElo "1895"]
[BlackElo "1975"]
[PlyCount "31"]
[EventDate "1994.??.??"]

{6/(26)} 1. c4 Nf6 2. Nc3 g6 3. e4 d6 4. d4 Bg7 5. f3 Nbd7 6. Be3 O-O 7. Qd2 e5
8. Nge2 exd4 9. Nxd4 Ne5 10. Be2 Be6 11. Nxe6 fxe6 12. O-O Nc6 13. Rac1 Qd7 14.
Rfd1 Rad8 15. a3 a5 16. Qc2 1/2-1/2

[Event "Detroit (MI Op/4/39)"]
[Site "?"]
[Date "1994.??.??"]
[Round "?"]
[White "Wisckol, Richard"]
[Black "Smith, Daryn"]
[Result "1-0"]
[WhiteElo "1875"]
[BlackElo "1815"]
[PlyCount "89"]
[EventDate "1994.??.??"]

{4/(39)} 1. c4 Nf6 2. Nc3 d6 3. d4 g6 4. e4 Bg7 5. f3 O-O 6. Be3 e5 7. Nge2 Nc6
8. d5 Ne7 9. g4 h6 10. Qd2 Kh7 11. Ng3 Rh8 12. Be2 Kg8 13. O-O-O Kf8 14. Kb1
Bd7 15. Rc1 b6 16. h4 Nfg8 17. f4 exf4 18. Bxf4 Be5 19. g5 hxg5 20. Bxe5 dxe5
21. hxg5 Rxh1 22. Rxh1 Nc8 23. Bd3 Nd6 24. Nge2 Ne8 25. Ng1 Ng7 26. Be2 Qe7 27.
Qe3 f5 28. gxf6 Nxf6 29. Rh8+ Ng8 30. Qg3 Qf6 31. Rh2 Ke7 32. Rf2 Nf5 33. exf5
gxf5 34. Nf3 f4 35. Qg5 Bf5+ 36. Kc1 Nh6 37. d6+ Ke6 38. Qxf6+ Kxf6 39. Nd5+
Ke6 40. Nxc7+ Kxd6 41. Nxa8 Be4 42. Nxe5 Kxe5 43. Nc7 Nf5 44. Nd5 Nd4 45. Nxf4
1-0